The Role of Social Capital in Development (Record no. 7715)

MARC details
000 -LEADER
fixed length control field 00555nam a22001937a 4500
003 - CONTROL NUMBER IDENTIFIER
control field OSt
005 - DATE AND TIME OF LATEST TRANSACTION
control field 20220221110405.0
008 - FIXED-LENGTH DATA ELEMENTS--GENERAL INFORMATION
fixed length control field 220221b ||||| |||| 00| 0 eng d
020 ## - INTERNATIONAL STANDARD BOOK NUMBER
International Standard Book Number 0521065798
040 ## - CATALOGING SOURCE
Transcribing agency DDC
082 ## - DEWEY DECIMAL CLASSIFICATION NUMBER
Classification number 302 SOC 2002
100 ## - MAIN ENTRY--PERSONAL NAME
Personal name Grooteraert, christian : Bastelaer, Thierry
9 (RLIN) 15756
245 ## - TITLE STATEMENT
Title The Role of Social Capital in Development
Remainder of title : an empirical assessment
260 ## - PUBLICATION, DISTRIBUTION, ETC. (IMPRINT)
Place of publication, distribution, etc. New York
Name of publisher, distributor, etc. : Cambridge University
Date of publication, distribution, etc. , C 2002
300 ## - PHYSICAL DESCRIPTION
Extent xxii.360p.
Dimensions ; 23cm
504 ## - BIBLIOGRAPHY, ETC. NOTE
Bibliography, etc Index
650 ## - SUBJECT ADDED ENTRY--TOPICAL TERM
Source of heading or term rural development
942 ## - ADDED ENTRY ELEMENTS (KOHA)
Source of classification or shelving scheme Dewey Decimal Classification
Koha item type Book

No items available.